| 000 | 00387nam a22001457a 4500 | ||
|---|---|---|---|
| 999 |
_c7707 _d7707 |
||
| 003 | GBCCL | ||
| 005 | 20241126110634.0 | ||
| 008 | 180912b ||||| |||| 00| 0 eng d | ||
| 040 | _cgbc | ||
| 082 |
_aSOU EBC _b2008 |
||
| 245 |
_aEBCC Central lamka silver jubilee souvenir : _btutan Toupan honpi 1983-2008 |
||
| 260 |
_c2008 _aCentral lamka: _bEBCC |
||
| 300 | _a56p. ; | ||
| 942 |
_2ddc _cARCH |
||